| 000 | 01010nam a22002297a 4500 | ||
|---|---|---|---|
| 005 | 20241128164312.0 | ||
| 010 | _aENG-142712-713 | ||
| 020 |
_c795.00 _a9789361598890(Vol 1) |
||
| 020 |
_c755.00 _a9789361595721(Vol 2) |
||
| 035 | _aEN-126244-245 | ||
| 037 | _bDBAD | ||
| 082 |
_a530 _21 |
||
| 100 |
_aTiwari, Girija Shanker _974312 |
||
| 245 |
_aNEET Physics for Class 11 & 12 Volume I & II/ _cBy Girija Shanker Tiwari |
||
| 250 | _a1 | ||
| 260 |
_aUttar Pradesh _bPearson India Education Pvt Ltd _c2025 |
||
| 270 |
_bUttar Pradesh _a1st FLoor, Berger Tower, Plot No. C-001A/2, Sector-16B, Noida _e201301 |
||
| 300 |
_avpp. _c25cm(pb) _bIndex |
||
| 490 | _vVol 1, Vol 2 | ||
| 500 | _aBased on NMC and NCERT Syllabi | Previous Year's Questions With Solutions | To... 2025 - NEET Physics Volume I for Class 11 | Based on NMC and NCERT Syllabi | Previous Year's Questions With Solutions | Topic-wise MCQs | NEET Special Questions and Chapter-End Test | ||
| 942 |
_2ddc _cEN _h530 _mTIW _e1 |
||
| 999 |
_c207184 _d207184 |
||